LIBRARY & INFORMATION CENTRE, KCAET, TAVANUR

ONLINE PUBLIC ACCESS CATALOGUE (OPAC)

Laboratory studies on seepage and physical properties of low cost lining materials for field channels (Record no. 15232)

MARC details
000 -LEADER
fixed length control field 00755nam a22001937a 4500
003 - CONTROL NUMBER IDENTIFIER
control field OSt
088 ## - REPORT NUMBER
Report number P 98
100 ## - MAIN ENTRY--AUTHOR NAME
Personal name CHINTHA C
245 ## - TITLE STATEMENT
Title Laboratory studies on seepage and physical properties of low cost lining materials for field channels
260 ## - PUBLICATION, DISTRIBUTION, ETC. (IMPRINT)
Place of publication Tavanur 2000
Name of publisher Kelappaji College of Agricultural Engineering and Technology
300 ## - PHYSICAL DESCRIPTION
Number of Pages 48
500 ## - GENERAL NOTE
General note Laboratory studies on seepage and physical properties of low cost lining materials for field channels
520 ## - SUMMARY, ETC.
Summary, etc Laboratory studies on seepage and physical properties of low cost lining materials for field channels
700 ## - ADDED ENTRY--PERSONAL NAME
Personal name Rengith George
700 ## - ADDED ENTRY--PERSONAL NAME
Personal name Vinayak N. C
700 ## - ADDED ENTRY--PERSONAL NAME
Personal name Er. Rema K.P (Guide)
942 ## - ADDED ENTRY ELEMENTS (KOHA)
Koha item type Project Report
Holdings
Collection code Home library Current library Shelving location Full call number Accession Number Koha item type
Reference KAUAET KAUAET Reference 631.75807 CHI/LA P 98 Project Report
free website counter